01444 2200337 4500001002100000005001500021035002000036245005700056100001200113250001100125300002500136260004000161082001000201084001600211020002200227650002200249520054200271008004100813990002100854990002100875990002100896990002100917990002100938990002100959990002100980990002101001990002101022990002101043990002101064990002101085INLIS00000000001419820231016094958 a0010-10230000331 aINDONESIAN HERITAGE RECIPES :bLearn, cook and taste0 aTyas AN aCet. 1 a64 hlm.; 17 x 25 cm. aBandung :bRemaja Rosdakarya,c2015 a641.5 a641.5 TYA i a978-979-692-606-0 aMasakan Indonesia aDitujukan sebagai buku pegangan bacaan berselera bagi orang asing untuk mengenal dan mencicipi sembilan pusaka dan resep khas dari berbagai pulau di Indonesia. Di jilid pertama ini kita bisa mencicipi masakan dari Buton, Toraja, Bangka, Ternate, Sumbawa, Makassar, dan Bali. Resep Pusaka Indonesia mewakili begitu banyak ragam budaya namun tetap memiliki kesamaan satu sama lain terkait dengan bumbu, rasa, dan menyesuaikannya dengan bahan-bahan yang berkaitan dengan masa kini. Mari kita lebih dekat ke dapur. Berani masak sendiri231016 g 0 eng  a023.2140/PC/2023 a023.2141/PC/2023 a023.2142/PC/2023 a023.2140/PC/2023 a023.2141/PC/2023 a023.2142/PC/2023 a023.2142/PC/2023 a023.2140/PC/2023 a023.2141/PC/2023 a023.2141/PC/2023 a023.2140/PC/2023 a023.2142/PC/2023